|
|
|
|
| LEADER |
00000nab a2200000 a 4500 |
| 001 |
vtls000830350 |
| 003 |
SK-MaSNL |
| 005 |
20260302162852.0 |
| 008 |
160314c2003 xo 0 hun |
| 015 |
|
|
|a SNBRB2003/03-09930
|
| 035 |
|
|
|a CLN000182005
|
| 040 |
|
|
|a SNKBUCL
|b slo
|c SNKBUCL
|e AACR2
|
| 041 |
0 |
|
|a slo
|
| 044 |
|
|
|a xo
|c SK
|
| 080 |
|
|
|a 894.511-3=945.11
|2 UDC-MRF-SK2
|
| 100 |
1 |
|
|a Papp, Tibor
|4 aut
|9 863259
|
| 245 |
1 |
0 |
|a A szekta
|c Papp Tibor
|
| 650 |
0 |
7 |
|a psychologické poviedky, maďarské
|2 snkbucl
|9 71096
|
| 773 |
0 |
|
|t Irodalmi szemle
|g Roč. 46, č. 2 (2003), s. 3-13
|
| 850 |
|
|
|a Slovenská národná knižnica v Martine
|
| 852 |
|
|
|a SNK
|b KIS3GCP
|
| 958 |
|
|
|a HU
|
| 958 |
|
|
|a LX
|
| 958 |
|
|
|a RBX
|
| 999 |
|
|
|c 1381545
|d 1383475
|